000 00720nam a2200241Ia 4500
003 OSt
005 20220918221627.0
006 a|||||r|||| 00| 0
007 ta
008 220917b |||||||| |||| 00| 0 eng d
024 _a202,240
037 _cTextual
040 _aARTS
_cARTS
_beng
041 _2eng
_aeng
082 _aB217, P2
100 _aPickover Clifford A
_9140985
245 0 _aZen of magic squares, circles, and stars
_b an exhibition of surprising structures across dimensions
260 _aPrinceton
_bPrinceton University Press
_c2002
300 _axx, 405p
_ccm.
650 _aMATHEMATICS
_92141
942 _hB217, P2
_cTEXL
_2CC
999 _c273138
_d273138